Lyrics of Eminem: No Apologies - Statistics

General Stats
  • This quiz has been taken 27 times
  • The average score is 288 of 500
Answer Stats
Answer % Correct
a
90%
A
90%
a—
90%
Fuck,
90%
I
90%
i
90%
In
90%
in
90%
it
90%
it,
90%
who
90%
all
80%
An
80%
apologies!
80%
be
80%
can
80%
I'm
80%
is
80%
It's
80%
it's
80%
me
80%
me,
80%
my
80%
My
80%
No
80%
no
80%
shit
80%
So,
80%
so
80%
So
80%
the
80%
and
70%
And
70%
could
70%
even
70%
face
70%
fluid,
70%
for
70%
get
70%
he
70%
mind
70%
not
70%
Not
70%
of
70%
on
70%
soul
70%
spit
70%
to
70%
up
70%
you
70%
You
70%
you,
70%
your
70%
across
60%
As
60%
as
60%
at
60%
'Cause
60%
cause
60%
'cause
60%
do
60%
feelin'
60%
fighter,
60%
got
60%
head
60%
head,
60%
heart's
60%
if
60%
If
60%
just
60%
like
60%
off
60%
own
60%
quick—this
60%
rap
60%
some
60%
stand
60%
standin'
60%
that
60%
There
60%
there
60%
This
60%
this
60%
'Til
60%
'til
60%
was
60%
When
60%
when
60%
with
60%
you're
60%
are
50%
Beyoncé's
50%
can't
50%
cold
50%
critics
50%
don't
50%
every
50%
from
50%
I'll
50%
isn't
50%
keep
50%
life
50%
lighter
50%
lyric
50%
MC,
50%
or
50%
playin'
50%
quit,
50%
remorse
50%
still
50%
stop
50%
suckers,
50%
sue
50%
tell
50%
then-
50%
Then
50%
tunnel,
50%
what
50%
while
50%
will
50%
acknowledging
40%
am
40%
ass
40%
author
40%
big
40%
bull-headed
40%
But
40%
Carpal
40%
case
40%
case,
40%
deep
40%
Dick-headed,
40%
expect
40%
flow
40%
force
40%
fuckers
40%
fuckers,
40%
has
40%
headache
40%
help
40%
his
40%
know
40%
lit
40%
lunatic
40%
Marshall
40%
Nah,
40%
over
40%
pig-headed
40%
potbelly
40%
prick,
40%
recourse
40%
right
40%
sayin'
40%
see
40%
selling,
40%
sick,
40%
six
40%
slip
40%
sorry
40%
sparks
40%
that's
40%
there's
40%
true
40%
wait
40%
writer,
40%
y'all
40%
Y'all
40%
agree
30%
any
30%
arsenic
30%
arth-r-itis
30%
call
30%
cellos
30%
coming
30%
destiny;
30%
dwelling!
30%
dynamite
30%
elbows
30%
emotion
30%
expectancy
30%
explode
30%
failing,
30%
flows
30%
funny
30%
gets
30%
God's
30%
gonna
30%
Hands
30%
He's
30%
he's
30%
hits
30%
hot-headed,
30%
hunched
30%
hunger
30%
jelly,
30%
knees
30%
Laugh,
30%
long
30%
longer
30%
master
30%
mellow
30%
minute,
30%
money,
30%
Nelly,
30%
next
30%
pain
30%
pillow,
30%
quick-witted,
30%
ready
30%
Real
30%
running
30%
shoulders
30%
sleep,
30%
slowing
30%
softening
30%
song
30%
spitted
30%
stick,
30%
strangling
30%
these
30%
throat
30%
touch
30%
unwillingly,
30%
weeping
30%
Whether
30%
wick
30%
willing
30%
willow
30%
yeah,
30%
yelling
30%
yes
30%
.44
20%
able
20%
after
20%
asphyxiation
20%
assassination
20%
basket
20%
both
20%
bury
20%
choke
20%
disaster,
20%
enough
20%
fascination
20%
f*g's
20%
frozen
20%
haha!
20%
Hard-headed
20%
he'll
20%
I'd
20%
infatuation
20%
killed
20%
mags
20%
mastered
20%
mics
20%
raps
20%
skill's
20%
slain
20%
spill
20%
start-shit-itis
20%
stress
20%
subs
20%
taste
20%
wasted
20%
belows
10%
masturbatin',
10%
No matching quizzes found
Score Distribution
Percent of People with Each Score
Percentile by Number Answered
Your Score History
You have not taken this quiz